000 01467nam a2200361Ia 4500
001 ebr10395616
003 CaPaEBR
006 m u
007 cr cn|||||||||
008 100305s2010 miua sb 001 0 eng d
010 _z 2010007914
020 _z9780472070985 (cloth : alk. paper)
020 _z9780472050987 (pbk. : alk. paper)
040 _aCaPaEBR
_cCaPaEBR
035 _a(OCoLC)649029355
050 1 4 _aGV1469.25.W64
_bN37 2010eb
082 0 4 _a793.93
_222
100 1 _aNardi, Bonnie A.
245 1 0 _aMy life as a night elf priest
_h[electronic resource] :
_ban anthropological account of world of warcraft /
_cBonnie A. Nardi.
260 _aAnn Arbor :
_bUniversity of Michigan Press,
_cc2010.
300 _a236 p. :
_bill.
490 0 _aTechnologies of the imagination and digital culture
504 _aIncludes bibliographical references and index.
533 _aElectronic reproduction.
_bPalo Alto, Calif. :
_cebrary,
_d2010.
_nAvailable via World Wide Web.
_nAccess may be limited to ebrary affiliated libraries.
630 0 0 _aWorld of Warcraft.
650 0 _aComputer games
_xSocial aspects.
650 0 _aVirtual reality
_xSocial aspects.
650 0 _aVisual anthropology.
651 0 _aKorea (South)
_xSocial aspects.
655 7 _aElectronic books.
_2local
710 2 _aebrary, Inc.
856 4 0 _uhttp://site.ebrary.com/lib/rucke/Doc?id=10395616
_zAn electronic book accessible through the World Wide Web; click to view
999 _c190553
_d190553